[Event "Titled Tuesday intern op 04th Feb Late"]
[Site "Chess.com INT"]
[Date "2025.02.04"]
[Round "10"]
[White "Caruana, Fabiano"]
[Black "Quesada Perez, Yuniesky"]
[Result "1-0"]
[WhiteElo "2803"]
[BlackElo "2591"]
[PlyCount "27"]
[EventDate "2025.02.04"]
[EventType "swiss (blitz)"]
[EventRounds "11"]
[EventCountry "USA"]
[SourceTitle "CB07_2025"]
[SourceDate "2025.02.12"]
[SourceVersion "1"]
[SourceVersionDate "2025.02.12"]
[SourceQuality "1"]

1. d4 d5 2. Nf3 Nf6 3. c3 Bg4 4. Ne5 Bf5 5. h4 Bxb1 6. Rxb1 Nbd7 7. Qb3 Rb8 8. h5 e6 9. Bf4 Bd6 10. h6 g6 11. e3 Ne4 12. f3 Nxe5 13. dxe5 Nc5 14. exd6 1-0

[Event "Titled Tuesday intern op 04th Feb Late"]
[Site "Chess.com INT"]
[Date "2025.02.04"]
[Round "6"]
[White "Khlebovich, Alexander"]
[Black "Quesada Perez, Yuniesky"]
[Result "0-1"]
[WhiteElo "2423"]
[BlackElo "2591"]
[PlyCount "74"]
[EventDate "2025.02.04"]
[EventType "swiss (blitz)"]
[EventRounds "11"]
[EventCountry "USA"]
[SourceTitle "CB07_2025"]
[SourceDate "2025.02.12"]
[SourceVersion "1"]
[SourceVersionDate "2025.02.12"]
[SourceQuality "1"]

1. d4 d5 2. c4 c6 3. Nf3 Nf6 4. e3 Bf5 5. Bd3 Bg6 6. 0-0 e6 7. Qc2 Nbd7 8. b3 Ne4 9. Nc3 f5 10. Ne2 Bd6 11. Nf4 Bf7 12. Bb2 g5 13. Ne2 Qf6 14. b4 g4 15. Ne5 Nxe5 16. dxe5 Bxe5 17. Bxe5 Qxe5 18. Nf4 0-0 19. f3 gxf3 20. gxf3 Nf6 21. Rae1 Kh8 22. Kh1 Rg8 23. cxd5 cxd5 24. Qc5 Nh5 25. Qe7 Rg7 26. Qxb7 Rag8 27. Qxa7 Nxf4 28. exf4 Qxf4 29. Qe3 Qxb4 30. Qe5 Qa3 31. Bb1 Bh5 32. Re3 Qa6 33. Rg1 Qa7 34. Rg5 Qxe3 35. Qxe3 Rxg5 36. Qe5+ R8g7 37. Qb8+ Be8 0-1

[Event "Titled Tuesday intern op 04th Feb Late"]
[Site "Chess.com INT"]
[Date "2025.02.04"]
[Round "7"]
[White "Quesada Perez, Yuniesky"]
[Black "Aarav, Dengla"]
[Result "1-0"]
[WhiteElo "2591"]
[BlackElo "2366"]
[PlyCount "91"]
[EventDate "2025.02.04"]
[EventType "swiss (blitz)"]
[EventRounds "11"]
[EventCountry "USA"]
[SourceTitle "CB07_2025"]
[SourceDate "2025.02.12"]
[SourceVersion "1"]
[SourceVersionDate "2025.02.12"]
[SourceQuality "1"]

1. e4 c5 2. Nf3 d6 3. d4 cxd4 4. Qxd4 Nc6 5. Qe3 Nf6 6. Nc3 g6 7. h3 Bg7 8. Bc4 0-0 9. 0-0 Nd7 10. a4 a6 11. Rd1 Nde5 12. Bb3 Nxf3+ 13. Qxf3 Nd4 14. Qd3 Nxb3 15. cxb3 Be6 16. b4 Qb6 17. b5 Rfc8 18. Be3 Qa5 19. Bd4 axb5 20. Bxg7 Kxg7 21. axb5 Qxa1 22. Rxa1 Rxa1+ 23. Kh2 Rc5 24. Qd4+ f6 25. Qe3 Ra8 26. Qd4 Ra1 27. Qd2 Ra8 28. Qd1 Rc4 29. Qe1 Rc5 30. f4 Bd7 31. Nd5 Kf7 32. Nb6 Rd8 33. b4 Rc7 34. Qe2 Be6 35. Qd3 h5 36. f5 gxf5 37. exf5 Bc8 38. Qf3 Rh8 39. Qe4 e5 40. fxe6+ Bxe6 41. Qd4 Ke7 42. Qe4 Kf7 43. Qf4 Ke7 44. Qf3 Rg8 45. Qxh5 Rc2 46. Qh7+ 1-0

[Event "Titled Tuesday intern op 04th Feb Late"]
[Site "Chess.com INT"]
[Date "2025.02.04"]
[Round "5"]
[White "Quesada Perez, Yuniesky"]
[Black "Cumpe, Lucas"]
[Result "1-0"]
[WhiteElo "2591"]
[BlackElo "2294"]
[PlyCount "115"]
[EventDate "2025.02.04"]
[EventType "swiss (blitz)"]
[EventRounds "11"]
[EventCountry "USA"]
[SourceTitle "CB07_2025"]
[SourceDate "2025.02.12"]
[SourceVersion "1"]
[SourceVersionDate "2025.02.12"]
[SourceQuality "1"]

1. e4 c6 2. d4 d5 3. e5 Bf5 4. Nf3 e6 5. c3 c5 6. Be3 cxd4 7. Nxd4 Ne7 8. Nd2 Nbc6 9. N2f3 h6 10. Qb3 Qd7 11. Be2 Be4 12. 0-0 g5 13. c4 Bg7 14. Nxc6 bxc6 15. Rad1 0-0 16. Bc5 Rfd8 17. h4 Bxf3 18. Qxf3 Ng6 19. hxg5 hxg5 20. Qg4 Bxe5 21. Qxg5 Kg7 22. Bd3 Rh8 23. g3 f5 24. Rfe1 Bf6 25. Qe3 e5 26. Bf1 d4 27. Qd2 Rad8 28. Qa5 e4 29. Qxa7 Qxa7 30. Bxa7 d3 31. b3 Ne5 32. Bg2 Ra8 33. Bd4 Nf3+ 34. Bxf3 Bxd4 35. Bxe4 fxe4 36. Rxe4 Rad8 37. Kg2 Rhf8 38. Rg4+ Kf6 39. Rxd3 Ke5 40. f4+ Ke4 41. Rd2 Ke3 42. Rf2 Rf5 43. Rg6 c5 44. Re6+ Kd3 45. Rfe2 Kc3 46. Kf3 Kb4 47. Rb6+ Kc3 48. g4 Rf7 49. f5 Rh8 50. Rbe6 Rhf8 51. Kf4 Kb4 52. Re8 Rxe8 53. Rxe8 Rh7 54. g5 Ka3 55. Re2 Rh1 56. f6 Rf1+ 57. Kg4 Rf5 58. Kxf5 1-0

[Event "Titled Tuesday intern op 04th Feb Late"]
[Site "Chess.com INT"]
[Date "2025.02.04"]
[Round "9"]
[White "Quesada Perez, Yuniesky"]
[Black "Sidorika, Vladislav"]
[Result "1-0"]
[WhiteElo "2591"]
[BlackElo "2294"]
[PlyCount "89"]
[EventDate "2025.02.04"]
[EventType "swiss (blitz)"]
[EventRounds "11"]
[EventCountry "USA"]
[SourceTitle "CB07_2025"]
[SourceDate "2025.02.12"]
[SourceVersion "1"]
[SourceVersionDate "2025.02.12"]
[SourceQuality "1"]

1. e4 c6 2. d4 d5 3. e5 Bf5 4. Nf3 e6 5. c3 c5 6. Be3 cxd4 7. Nxd4 Ne7 8. Nd2 Nbc6 9. N2f3 Bg4 10. Be2 Rc8 11. 0-0 Bxf3 12. Nxf3 Nf5 13. Bf4 Be7 14. Bd3 Nh4 15. Nxh4 Bxh4 16. Qg4 g6 17. Rfe1 0-0 18. g3 Be7 19. h4 h5 20. Qe2 Kg7 21. Qe3 Rh8 22. Rad1 a6 23. a3 Qc7 24. c4 dxc4 25. Bxc4 Nb4 26. Rc1 Nc6 27. Bd3 Qa5 28. Be4 Nxe5 29. b4 Qb5 30. a4 Ng4 31. axb5 Nxe3 32. Bxe3 axb5 33. Bd4+ f6 34. Bxb7 Rxc1 35. Rxc1 e5 36. Rc7 exd4 37. Rxe7+ Kh6 38. Rd7 Re8 39. Rxd4 Re2 40. Bc6 Rb2 41. Bxb5 g5 42. Bc6 Kg6 43. b5 f5 44. hxg5 Kxg5 45. Kg2 1-0

[Event "Titled Tuesday intern op 21st Jan Late"]
[Site "Chess.com INT"]
[Date "2025.01.21"]
[Round "5"]
[White "Quesada Perez, Yuniesky"]
[Black "Pichot, Alan"]
[Result "1-0"]
[WhiteElo "2591"]
[BlackElo "2617"]
[PlyCount "145"]
[EventDate "2025.01.21"]
[EventType "swiss (blitz)"]
[EventRounds "11"]
[EventCountry "USA"]
[SourceTitle "CB05_2025"]
[SourceDate "2025.01.29"]
[SourceVersion "1"]
[SourceVersionDate "2025.01.29"]
[SourceQuality "1"]

1. e4 e5 2. Nf3 Nc6 3. Bc4 Bc5 4. c3 Nf6 5. d3 d6 6. Bg5 h6 7. Bh4 a5 8. Nbd2 Ba7 9. 0-0 g5 10. Bg3 Nh7 11. d4 Qe7 12. Bb5 g4 13. Nh4 Bd7 14. d5 Nb8 15. Nf5 Qg5 16. Bh4 Qg6 17. Qb3 c6 18. Bd3 b5 19. dxc6 Nxc6 20. Bxb5 Rb8 21. a4 0-0 22. Qd5 Bxf5 23. exf5 Qxf5 24. Qxc6 Ng5 25. Rad1 Rfd8 26. Qd5 Rbc8 27. Bd3 Qf4 28. Bg3 Qxa4 29. Ne4 Nxe4 30. Qxe4 Qxe4 31. Bxe4 Bc5 32. Bd5 Rb8 33. b3 Kg7 34. Ra1 Bb6 35. Ra4 f5 36. Bh4 Re8 37. h3 h5 38. g3 Kg6 39. Kg2 e4 40. hxg4 hxg4 41. Rd1 Re5 42. Bc4 Bc7 43. b4 axb4 44. cxb4 Rc8 45. Ba6 Rb8 46. Bc4 Rc8 47. Bd5 Bb6 48. Ra6 Rb8 49. b5 e3 50. fxe3 Rxe3 51. Rd2 Re1 52. Bc4 Bc5 53. Rc6 Rbe8 54. b6 Rg1+ 55. Kh2 Rc1 56. Be2 Bg1+ 57. Kg2 Rxc6 58. Bb5 Rec8 59. Bxc6 Rxc6 60. b7 Ba7 61. Ra2 Bb8 62. Ra8 Rc2+ 63. Kf1 Rc1+ 64. Ke2 Bc7 65. Rc8 Rc2+ 66. Kd1 Rb2 67. Rxc7 f4 68. gxf4 Kf5 69. Bg3 d5 70. Kc1 Rb3 71. Kc2 Rb4 72. Re7 d4 73. Kd3 1-0

[Event "Titled Tuesday intern op 03rd Sep Early"]
[Site "Chess.com INT"]
[Date "2024.09.03"]
[Round "1"]
[White "Quesada Perez, Yuniesky"]
[Black "Urbina Perez, Juan Antonio"]
[Result "1-0"]
[WhiteElo "2591"]
[BlackElo "2248"]
[PlyCount "79"]
[EventDate "2024.09.03"]
[EventType "swiss (blitz)"]
[EventRounds "11"]
[EventCountry "USA"]
[SourceTitle "EXT 2025"]
[Source "ChessBase"]
[SourceDate "2024.10.14"]
[SourceVersion "1"]
[SourceVersionDate "2024.10.14"]
[SourceQuality "1"]

1. e4 c6 2. d4 d5 3. e5 c5 4. dxc5 e6 5. Qg4 h5 6. Qf4 Bxc5 7. Bd3 Nc6 8. Nf3 Nb4 9. Be3 Nxd3+ 10. cxd3 Qb6 11. Bxc5 Qxc5 12. Nc3 Ne7 13. Rc1 Bd7 14. 0-0 Qb6 15. Nh4 Nc6 16. Qg5 Kf8 17. Qf4 Ke7 18. Nf3 Kf8 19. b3 Ne7 20. Nh4 Rc8 21. Ne2 Ke8 22. Nd4 Rh6 23. Nhf3 Rg6 24. h3 Rxc1 25. Rxc1 Nc6 26. Ne2 Qb4 27. Qe3 Qb6 28. Qd2 f6 29. Nf4 Rh6 30. exf6 Rxf6 31. Nxh5 Rf7 32. Qg5 Kf8 33. Nf4 Qc7 34. Ng6+ Kg8 35. Nfe5 Rf6 36. d4 Qd6 37. Nxc6 bxc6 38. Qh5 Be8 39. Qh8+ Kf7 40. Ne5+ 1-0

[Event "Titled Tuesday intern op 02nd Jul Early"]
[Site "Chess.com INT"]
[Date "2024.07.02"]
[Round "4"]
[White "Quesada Perez, Yuniesky"]
[Black "Ganzhurov, Roman"]
[Result "0-1"]
[WhiteElo "2591"]
[BlackElo "2065"]
[PlyCount "106"]
[EventDate "2024.07.02"]
[EventType "swiss (blitz)"]
[EventRounds "11"]
[EventCountry "USA"]
[SourceTitle "EXT 2025"]
[Source "ChessBase"]
[SourceDate "2024.10.14"]
[SourceVersion "1"]
[SourceVersionDate "2024.10.14"]
[SourceQuality "1"]

1. e4 c5 2. Nf3 d6 3. d4 cxd4 4. Nxd4 Nf6 5. Nc3 a6 6. f3 e5 7. Nb3 Be6 8. Be3 b5 9. Qd2 Nbd7 10. g4 Nb6 11. g5 Nfd7 12. 0-0-0 Be7 13. Nd5 Nxd5 14. exd5 Bf5 15. Na5 0-0 16. Nc6 Qe8 17. Bd3 Bxd3 18. Qxd3 Nb8 19. Nxe7+ Qxe7 20. f4 Nd7 21. f5 Rfc8 22. f6 Qd8 23. fxg7 Nc5 24. Qf5 Qd7 25. Qf3 Rc7 26. h4 Rac8 27. Rd2 e4 28. Qf6 Nd3+ 29. Kb1 Ne5 30. h5 Nc4 31. Re2 Qg4 32. Qf2 Qf3 33. Bd4 Qxh1+ 34. Re1 Qf3 35. Qh2 Qf5 36. g6 fxg6 37. hxg6 Qxg6 38. Rg1 Qf5 39. a3 e3 40. Ka2 Qxd5 41. Qh4 Nd2+ 42. Ka1 Rxc2 43. Bc3 Nb3+ 44. Kb1 Rg2 45. Rh1 Nd2+ 46. Ka1 Nb3+ 47. Kb1 Qf5+ 48. Ka2 Nc5 49. Qe7 Qe6+ 50. Qxe6+ Nxe6 51. Rh6 Rxc3 52. Rxe6 Rcc2 53. Re8+ Kxg7 0-1

[Event "Titled Tuesday intern op 21st May Late"]
[Site "Chess.com INT"]
[Date "2024.05.21"]
[Round "6"]
[White "Bykov, Egor"]
[Black "Quesada Perez, Yuniesky"]
[Result "0-1"]
[WhiteElo "2424"]
[BlackElo "2591"]
[PlyCount "88"]
[EventDate "2024.05.21"]
[EventType "swiss (blitz)"]
[EventRounds "11"]
[EventCountry "USA"]
[SourceTitle "CBM 220 Extra"]
[Source "ChessBase"]
[SourceDate "2024.07.31"]
[SourceVersion "1"]
[SourceVersionDate "2024.07.31"]
[SourceQuality "1"]

1. e4 c6 2. d4 d5 3. exd5 cxd5 4. c4 Nf6 5. Nc3 Nc6 6. Nf3 e6 7. c5 Be7 8. Bd3 0-0 9. 0-0 b6 10. Bb5 Bd7 11. Bxc6 Bxc6 12. Ne5 Qc8 13. b4 bxc5 14. bxc5 Ne4 15. Qd3 Bf6 16. Ng4 Be7 17. Re1 f6 18. f3 Nxc3 19. Qxc3 Rb8 20. Bf4 Rb7 21. Re3 Bd7 22. Rc1 Qc6 23. Nf2 Rc8 24. Nd3 Qa4 25. Bg3 Bd8 26. Nf4 Ba5 27. Qc2 Qxd4 28. Qd3 Qxd3 29. Nxd3 e5 30. Re2 Bf5 31. Nb2 Rbc7 32. Bf2 d4 33. g4 Bg6 34. f4 Rxc5 35. Rxc5 Rxc5 36. fxe5 fxe5 37. Bg3 e4 38. Na4 Rc1+ 39. Kg2 e3 40. Nb2 Be4+ 41. Kh3 Bf3 42. Nd3 Bxe2 43. Nxc1 Bf1+ 44. Kh4 d3 0-1

[Event "Titled Tuesday intern op 21st May Late"]
[Site "Chess.com INT"]
[Date "2024.05.21"]
[Round "4"]
[White "Quesada Perez, Yuniesky"]
[Black "Djokic, Mihailo"]
[Result "1-0"]
[WhiteElo "2591"]
[BlackElo "2158"]
[PlyCount "110"]
[EventDate "2024.05.21"]
[EventType "swiss (blitz)"]
[EventRounds "11"]
[EventCountry "USA"]
[SourceTitle "CBM 220 Extra"]
[Source "ChessBase"]
[SourceDate "2024.07.31"]
[SourceVersion "1"]
[SourceVersionDate "2024.07.31"]
[SourceQuality "1"]

1. d4 Nf6 2. c4 e6 3. Nf3 d5 4. g3 Be7 5. Bg2 0-0 6. Qd3 dxc4 7. Qxc4 a6 8. Ne5 Nbd7 9. Nc3 Nxe5 10. dxe5 Nd7 11. f4 b5 12. Qb3 Nc5 13. Qc2 Bb7 14. Bxb7 Nxb7 15. Be3 c5 16. a4 b4 17. Ne4 Qc7 18. Rc1 Rac8 19. Nd2 Na5 20. b3 c4 21. Nxc4 Nxc4 22. bxc4 Qb7 23. Kf2 b3 24. Qc3 Bb4 25. Qb2 Rxc4 26. Rxc4 Qxh1 27. Rxb4 Qxh2+ 28. Kf1 Rd8 29. Rd4 Rc8 30. Qxb3 Qh1+ 31. Kf2 Qh2+ 32. Ke1 Qxg3+ 33. Kd2 h5 34. Qb7 Re8 35. Rd7 Rf8 36. Qf3 h4 37. Qxg3 hxg3 38. Ke1 Rb8 39. Kf1 Rb3 40. Rd3 Rb4 41. Kg2 Rxa4 42. Kxg3 Kh7 43. Kf3 Kg6 44. Rd7 Ra1 45. Ke4 a5 46. Bc5 a4 47. Ra7 Ra2 48. e3 Kh7 49. Rxf7 Rc2 50. Bd6 Rc4+ 51. Kd3 Rc6 52. Ra7 a3 53. Rxa3 Kg6 54. Ra7 Kf5 55. Rxg7 Rxd6+ 1-0

[Event "Titled Tuesday intern op 14th May Early"]
[Site "Chess.com INT"]
[Date "2024.05.14"]
[Round "4"]
[White "Hua, Lefong"]
[Black "Quesada Perez, Yuniesky"]
[Result "0-1"]
[WhiteElo "2305"]
[BlackElo "2591"]
[PlyCount "172"]
[EventDate "2024.05.14"]
[EventType "swiss (blitz)"]
[EventRounds "11"]
[EventCountry "USA"]
[SourceTitle "EXT 2025"]
[Source "ChessBase"]
[SourceDate "2024.10.14"]
[SourceVersion "1"]
[SourceVersionDate "2024.10.14"]
[SourceQuality "1"]

1. d4 Nf6 2. c4 e6 3. Nc3 Bb4 4. f3 d5 5. a3 Be7 6. e4 dxe4 7. fxe4 c5 8. d5 exd5 9. cxd5 Bd6 10. Nf3 Nbd7 11. Be2 Ng4 12. 0-0 0-0 13. h3 Nge5 14. Nxe5 Nxe5 15. Bf4 a6 16. a4 b6 17. Qe1 Ng6 18. Bxd6 Qxd6 19. Rd1 Bd7 20. Bh5 Ne5 21. Qg3 b5 22. axb5 axb5 23. Rd2 b4 24. Nd1 c4 25. Ne3 f6 26. Rc1 Rfc8 27. Be2 Qb6 28. Kh2 c3 29. bxc3 bxc3 30. Rdc2 Qd4 31. d6 Ra3 32. Nd5 Kh8 33. Rxc3 Raxc3 34. Rxc3 Rd8 35. Qe3 Qxe3 36. Nxe3 Nf7 37. Rc7 Nxd6 38. Bf3 Nf7 39. Nd5 Ne5 40. Nb6 Be6 41. Nd5 h6 42. Re7 Nxf3+ 43. gxf3 Bxd5 44. exd5 Rxd5 45. Kg3 Kh7 46. h4 Kg6 47. Rc7 Rd4 48. Rb7 Ra4 49. Rc7 h5 50. Rb7 Kh6 51. Rb6 Ra1 52. Rc6 Rg1+ 53. Kh3 Kg6 54. Rc5 Re1 55. Rc7 f5 56. Rc6+ Kf7 57. Kg3 Re6 58. Rc7+ Kf6 59. Rc5 g6 60. Ra5 Rb6 61. Rc5 Rb4 62. Ra5 f4+ 63. Kh3 Rb3 64. Kg2 Re3 65. Ra6+ Re6 66. Ra5 Re2+ 67. Kg1 Ke6 68. Rb5 Re5 69. Rb6+ Kf5 70. Rb4 Re2 71. Rb5+ Ke6 72. Rb6+ Ke5 73. Rxg6 Kd4 74. Rg5 Ke3 75. Rxh5 Kxf3 76. Rh8 Re1+ 77. Kh2 Kf2 78. Ra8 f3 79. h5 Re5 80. Rh8 Kf1 81. Rf8 f2 82. Kg3 Rg5+ 83. Kf3 Kg1 84. Ke2 Re5+ 85. Kd3 f1Q+ 86. Rxf1+ Kxf1 0-1

[Event "Titled Tuesday intern op 14th May Early"]
[Site "Chess.com INT"]
[Date "2024.05.14"]
[Round "3"]
[White "Quesada Perez, Yuniesky"]
[Black "Dimitrov, Atanas Valtchev"]
[Result "1-0"]
[WhiteElo "2591"]
[BlackElo "2248"]
[PlyCount "39"]
[EventDate "2024.05.14"]
[EventType "swiss (blitz)"]
[EventRounds "11"]
[EventCountry "USA"]
[SourceTitle "EXT 2025"]
[Source "ChessBase"]
[SourceDate "2024.10.14"]
[SourceVersion "1"]
[SourceVersionDate "2024.10.14"]
[SourceQuality "1"]

1. e4 c5 2. Nf3 d6 3. d4 cxd4 4. Nxd4 Nf6 5. Nc3 Nc6 6. Bg5 e6 7. Qd2 Be7 8. 0-0-0 0-0 9. f4 Nxd4 10. Qxd4 Qa5 11. e5 dxe5 12. Qxe5 Qb6 13. Bd3 Rd8 14. Ne4 Rd5 15. Qc3 Qd8 16. Nxf6+ gxf6 17. Bh6 Kh8 18. Be4 Rd7 19. Rxd7 Bxd7 20. Rd1 1-0

[Event "Titled Tuesday intern op 14th May Early"]
[Site "Chess.com INT"]
[Date "2024.05.14"]
[Round "6"]
[White "Quesada Perez, Yuniesky"]
[Black "Parpiev, Isaak"]
[Result "0-1"]
[WhiteElo "2591"]
[BlackElo "2339"]
[PlyCount "86"]
[EventDate "2024.05.14"]
[EventType "swiss (blitz)"]
[EventRounds "11"]
[EventCountry "USA"]
[SourceTitle "EXT 2025"]
[Source "ChessBase"]
[SourceDate "2024.10.14"]
[SourceVersion "1"]
[SourceVersionDate "2024.10.14"]
[SourceQuality "1"]

1. e4 e5 2. Nf3 Nc6 3. Bc4 Nf6 4. d3 Be7 5. 0-0 0-0 6. a4 d6 7. Nc3 h6 8. a5 a6 9. h3 Be6 10. Bxe6 fxe6 11. Ne2 Qe8 12. Ng3 Nh5 13. Be3 Nf4 14. c3 Qf7 15. Nh2 Qg6 16. Kh1 Bh4 17. Bxf4 exf4 18. Ne2 Ne5 19. Nd4 c5 20. Ndf3 Nxf3 21. Nxf3 Be7 22. Qb3 Rab8 23. Rfe1 Qf7 24. d4 Rfc8 25. Rad1 g5 26. dxc5 Rxc5 27. e5 d5 28. Nd4 Bd8 29. Qb4 Rbc8 30. Qa4 Rxa5 31. Qc2 Rac5 32. Qe2 h5 33. Kg1 Qg6 34. Qd3 Qf7 35. Qd2 Rc4 36. f3 Bb6 37. Kh2 Bxd4 38. cxd4 Rc2 39. Qb4 g4 40. Rd3 Qg6 41. Rd2 gxf3 42. gxf3 Qg3+ 43. Kh1 Qxe1+ 0-1

[Event "Titled Tuesday intern op 14th May Early"]
[Site "Chess.com INT"]
[Date "2024.05.14"]
[Round "2"]
[White "Tanaka, Taira Tyler"]
[Black "Quesada Perez, Yuniesky"]
[Result "0-1"]
[WhiteElo "2216"]
[BlackElo "2591"]
[PlyCount "74"]
[EventDate "2024.05.14"]
[EventType "swiss (blitz)"]
[EventRounds "11"]
[EventCountry "USA"]
[SourceTitle "EXT 2025"]
[Source "ChessBase"]
[SourceDate "2024.10.14"]
[SourceVersion "1"]
[SourceVersionDate "2024.10.14"]
[SourceQuality "1"]

1. Nf3 d5 2. g3 Bg4 3. Bg2 Nd7 4. 0-0 e6 5. h3 Bh5 6. d3 c6 7. Qe1 Bd6 8. e4 Ne7 9. exd5 cxd5 10. c4 0-0 11. Nc3 Bg6 12. Qd1 Nc5 13. d4 Ne4 14. c5 Bc7 15. Nh4 Nxc3 16. bxc3 Ba5 17. Nxg6 hxg6 18. Qb3 b6 19. cxb6 axb6 20. Ba3 Rc8 21. Rfc1 Qc7 22. Bxe7 Qxe7 23. c4 dxc4 24. Rxc4 Rxc4 25. Qxc4 Rd8 26. d5 e5 27. Rd1 Bb4 28. a4 Bc5 29. Rc1 Qa7 30. Qe4 Bd4 31. Qc2 Qe7 32. Qc7 Qf6 33. Rc2 g5 34. Be4 g6 35. Kg2 Kg7 36. Rc6 Qxf2+ 37. Kh1 Qg1# 0-1

[Event "Titled Tuesday intern op 07th May Early"]
[Site "Chess.com INT"]
[Date "2024.05.07"]
[Round "1"]
[White "Biastoch, Bennet"]
[Black "Quesada Perez, Yuniesky"]
[Result "0-1"]
[WhiteElo "2185"]
[BlackElo "2591"]
[PlyCount "48"]
[EventDate "2024.05.07"]
[EventType "swiss (blitz)"]
[EventRounds "11"]
[EventCountry "USA"]
[SourceTitle "EXT 2025"]
[Source "ChessBase"]
[SourceDate "2024.10.14"]
[SourceVersion "1"]
[SourceVersionDate "2024.10.14"]
[SourceQuality "1"]

1. e4 e5 2. Nf3 Nc6 3. Bc4 Bc5 4. c3 Nf6 5. d3 d6 6. 0-0 a6 7. a4 Ba7 8. Re1 0-0 9. h3 h6 10. Nbd2 Re8 11. Nf1 Be6 12. Bxe6 Rxe6 13. Be3 Bxe3 14. Nxe3 Qd7 15. b4 Rd8 16. Nd5 Ne7 17. c4 Ng6 18. g3 c6 19. Ne3 d5 20. cxd5 cxd5 21. Nf5 Rc6 22. h4 Rc3 23. Kg2 Rdc8 24. exd5 Qxf5 0-1

[Event "Titled Tuesday intern op 07th May Early"]
[Site "Chess.com INT"]
[Date "2024.05.07"]
[Round "4"]
[White "Quesada Perez, Yuniesky"]
[Black "Goncharov, Vladimir"]
[Result "1-0"]
[WhiteElo "2591"]
[BlackElo "2077"]
[PlyCount "67"]
[EventDate "2024.05.07"]
[EventType "swiss (blitz)"]
[EventRounds "11"]
[EventCountry "USA"]
[SourceTitle "EXT 2025"]
[Source "ChessBase"]
[SourceDate "2024.10.14"]
[SourceVersion "1"]
[SourceVersionDate "2024.10.14"]
[SourceQuality "1"]

1. e4 e6 2. d4 d5 3. e5 c5 4. c3 Nc6 5. Nf3 Nge7 6. Na3 Bd7 7. dxc5 Ng6 8. b4 a5 9. Rb1 axb4 10. cxb4 Ncxe5 11. Nxe5 Nxe5 12. Be2 Be7 13. 0-0 0-0 14. Qb3 b6 15. Bb2 Ba4 16. Qe3 Nd7 17. Rfc1 bxc5 18. bxc5 Bc6 19. Bb5 Qc8 20. Bd4 Bf6 21. Rb3 Rxa3 22. Rxa3 Bxb5 23. c6 Bxc6 24. Rac3 e5 25. Rxc6 exd4 26. Qb3 Qa8 27. a4 Ne5 28. Rd6 Nc4 29. Rd7 Rb8 30. Qf3 Qxa4 31. Qxd5 Ne5 32. Rdc7 Rd8 33. Qe4 d3 34. Qxa4 1-0

[Event "Titled Tuesday intern op 07th May Early"]
[Site "Chess.com INT"]
[Date "2024.05.07"]
[Round "7"]
[White "Quesada Perez, Yuniesky"]
[Black "Guerra Tulcan, Lenin"]
[Result "1-0"]
[WhiteElo "2591"]
[BlackElo "2310"]
[PlyCount "43"]
[EventDate "2024.05.07"]
[EventType "swiss (blitz)"]
[EventRounds "11"]
[EventCountry "USA"]
[SourceTitle "EXT 2025"]
[Source "ChessBase"]
[SourceDate "2024.10.14"]
[SourceVersion "1"]
[SourceVersionDate "2024.10.14"]
[SourceQuality "1"]

1. e4 c5 2. Nf3 e6 3. d4 cxd4 4. Nxd4 Nc6 5. Nc3 Qc7 6. f4 a6 7. Nxc6 bxc6 8. Bd3 e5 9. 0-0 d6 10. fxe5 dxe5 11. Bg5 Be7 12. Bc4 Bxg5 13. Rxf7 Qb6+ 14. Kh1 Nf6 15. Qd6 Ra7 16. Qxe5+ Kd8 17. Rd1+ Rd7 18. Rfxd7+ Bxd7 19. Qxg5 Re8 20. Qxg7 c5 21. h3 Nxe4 22. Qxd7# 1-0

[Event "Titled Tuesday intern op 30th Apr Early"]
[Site "Chess.com INT"]
[Date "2024.04.30"]
[Round "3"]
[White "Quesada Perez, Yuniesky"]
[Black "Hajiyev, Kanan"]
[Result "1-0"]
[WhiteElo "2591"]
[BlackElo "2099"]
[PlyCount "71"]
[EventDate "2024.04.30"]
[EventType "swiss (blitz)"]
[EventRounds "11"]
[EventCountry "USA"]
[SourceTitle "CBM 220 Extra"]
[Source "ChessBase"]
[SourceDate "2024.07.31"]
[SourceVersion "1"]
[SourceVersionDate "2024.07.31"]
[SourceQuality "1"]

1. e4 c6 2. d4 d5 3. e5 a6 4. Bd3 c5 5. c3 Nc6 6. Ne2 Bg4 7. f3 Bd7 8. a3 e6 9. Be3 Qb6 10. b4 cxd4 11. Nxd4 Nxe5 12. 0-0 Nxd3 13. Qxd3 Bb5 14. Nxb5 Qxb5 15. Qd2 Nf6 16. a4 Qc4 17. Na3 Qh4 18. Bf4 Be7 19. Nc2 0-0 20. Nd4 Rac8 21. Rae1 Nh5 22. g3 Qh3 23. Be5 f6 24. Bc7 Rxc7 25. Nxe6 Rd7 26. Nxf8 Bxf8 27. Re2 a5 28. Qd4 axb4 29. cxb4 f5 30. Rc1 Nf6 31. Rc8 Kf7 32. Qb6 Bd6 33. Rd8 Bxg3 34. Rxd7+ Nxd7 35. Qe6+ Kf8 36. Qe8# 1-0

[Event "Titled Tuesday intern op 30th Apr Early"]
[Site "Chess.com INT"]
[Date "2024.04.30"]
[Round "1"]
[White "Quesada Perez, Yuniesky"]
[Black "Rosh, Jain"]
[Result "1-0"]
[WhiteElo "2591"]
[BlackElo "2131"]
[PlyCount "127"]
[EventDate "2024.04.30"]
[EventType "swiss (blitz)"]
[EventRounds "11"]
[EventCountry "USA"]
[SourceTitle "CBM 220 Extra"]
[Source "ChessBase"]
[SourceDate "2024.07.31"]
[SourceVersion "1"]
[SourceVersionDate "2024.07.31"]
[SourceQuality "1"]

1. e4 c5 2. Nf3 d6 3. d4 cxd4 4. Nxd4 Nf6 5. Nc3 a6 6. f3 e5 7. Nb3 Be7 8. Be3 Be6 9. Qd2 h5 10. Nd5 Nxd5 11. exd5 Bf5 12. Be2 Nd7 13. Na5 Qc7 14. c4 0-0 15. 0-0 Bf6 16. Rac1 b6 17. Nc6 a5 18. f4 Bg4 19. Bxg4 hxg4 20. f5 Nc5 21. Qe2 Rfc8 22. Qxg4 Qd7 23. Bg5 Bxg5 24. Qxg5 f6 25. Qg4 Nd3 26. Rc2 Nb4 27. Rc3 Nxc6 28. dxc6 Rxc6 29. Rh3 Qf7 30. b3 Rac8 31. Rh5 d5 32. Qh3 Kf8 33. cxd5 Qxd5 34. Rh8+ Ke7 35. Qg4 Qd4+ 36. Qxd4 exd4 37. Rxc8 Rxc8 38. Rd1 Rc2 39. a4 Rc3 40. Rxd4 Rxb3 41. Kf2 Rb2+ 42. Kf3 Kf7 43. h4 Kg8 44. g4 Kh7 45. g5 fxg5 46. hxg5 Rb1 47. Kf4 Rf1+ 48. Ke5 Re1+ 49. Kd5 Rf1 50. Ke6 Re1+ 51. Kf7 Rh1 52. f6 g6 53. Rd7 Rg1 54. Kf8+ Kh8 55. Rd4 Rh1 56. Rf4 Kh7 57. f7 b5 58. axb5 a4 59. Ke7 Re1+ 60. Kd7 Rd1+ 61. Kc7 Rc1+ 62. Kb7 a3 63. f8Q a2 64. Rh4# 1-0

[Event "Titled Tuesday intern op 23rd Apr Early"]
[Site "Chess.com INT"]
[Date "2024.04.23"]
[Round "7"]
[White "Quesada Perez, Yuniesky"]
[Black "Haug, Havard"]
[Result "1-0"]
[WhiteElo "2591"]
[BlackElo "2334"]
[PlyCount "65"]
[EventDate "2024.04.23"]
[EventType "swiss (blitz)"]
[EventRounds "11"]
[EventCountry "USA"]
[SourceTitle "EXT 2025"]
[Source "ChessBase"]
[SourceDate "2024.10.14"]
[SourceVersion "1"]
[SourceVersionDate "2024.10.14"]
[SourceQuality "1"]

1. e4 c6 2. d4 d5 3. e5 c5 4. dxc5 e6 5. Qg4 h5 6. Qf4 Bxc5 7. Bd3 Nc6 8. Nf3 Nh6 9. 0-0 Qb6 10. h3 Bd7 11. Nc3 0-0-0 12. Na4 Qa5 13. Nxc5 Qxc5 14. a3 Qb6 15. b4 Nf5 16. Re1 Rdg8 17. Ng5 Rf8 18. Bb2 Qc7 19. Qd2 Rhg8 20. c4 f6 21. cxd5 fxg5 22. dxc6 Bxc6 23. b5 Bxg2 24. Rac1 Nh4 25. Rxc7+ Kxc7 26. Be2 Bd5 27. Bd4 Rf3 28. Qa5+ Kd7 29. Rc1 Rxh3 30. Qc7+ Ke8 31. Bxh5+ g6 32. Qc8+ Kf7 33. Rc7# 1-0